[Event "Bronstein jubilee"]
[Site "San Francisco"]
[Date "1999.04.07"]
[Round "8"]
[White "Browne, Walter S"]
[Black "Dzindzichashvili, Roman"]
[Result "1-0"]
[WhiteElo "2516"]
[BlackElo "2553"]

1.d4 Nf6 2.c4 e6 3.Nf3 Bb4+ 4.Nbd2 b6 5.a3 Bxd2+ 6.Qxd2 Bb7 7.e3 O-O 8.Be2 d6
9.O-O Nbd7 10.b4 Ne4 11.Qd3 f5 12.Bb2 Qe7 13.d5 e5 14.Nd2 Nxd2 15.Qxd2 Rae8
16.Rae1 e4 17.f4 exf3 18.Bxf3 Ne5 19.Be2 Bc8 20.h3 Qg5 21.Qd4 Bd7 22.b5 Re7
23.Qf4 Qg6 24.Kh2 Qe8 25.Qg3 Rf6 26.Rf4 Rg6 27.Qf2 Rh6 28.Bd4 g5 29.Rxf5 Bxf5
30.Qxf5 Qg6 31.Qc8+ Re8 32.Qxc7 g4 33.Rf1 Qg5 34.Rf4 gxh3 35.gxh3 Rf6 36.h4 Qh6
37.Bxe5 dxe5 38.Rg4+ Kh8 39.Bd3 Ref8 40.Qxe5 Rf7 41.Bf5 Qf8 42.Be6 Rg7 43.Rf4 Rxf4
44.exf4 Qe7 45.Qb8+  1-0

[Event "Bronstein jubilee"]
[Site "San Francisco"]
[Date "1999.04.07"]
[Round "10"]
[White "Ftacnik, Lubomir"]
[Black "Dzindzichashvili, Roman"]
[Result "1/2-1/2"]
[WhiteElo "2585"]
[BlackElo "2553"]

1.Nf3 Nf6 2.c4 e6 3.Nc3 Bb4 4.g3 O-O 5.Bg2 d5 6.a3 Be7 7.d4 dxc4 8.Ne5 Nc6
9.Bxc6 bxc6 10.Nxc6 Qe8 11.Nxe7+ Qxe7 12.Qa4 c5 13.Qxc4 cxd4 14.Qxd4 e5 15.Qh4 Bb7
16.O-O h6 17.e4 Rfe8 18.Be3 Nxe4 19.Qxe7 Rxe7 20.Nxe4 Bxe4 21.Rfc1  1/2-1/2

[Event "Dos Hermanas Internet KO"]
[Site "ICC INT"]
[Date "2001.04.06"]
[Round "2.3"]
[White "Dzindzichashvili,R"]
[Black "Psakhis,L"]
[Result "0-1"]
[WhiteElo "2542"]
[BlackElo "2598"]

1.d4 e6 2.Nf3 Nf6 3.Bf4 c5 4.e3 Nc6 5.c3 b6 6.Bd3 Bb7 7.O-O Be7 8.h3 d5 9.Nbd2 O-O
10.Ne5 Nxe5 11.Bxe5 Qc8 12.Qe2 a5 13.dxc5 bxc5 14.c4 Nd7 15.Bg3 Bf6 16.Nf3 dxc4
17.Bxc4 Bxf3 18.gxf3 Be5 19.f4 Bf6 20.Rad1 Nb6 21.b3 a4 22.Rd6 Nxc4 23.Qxc4 axb3
24.axb3 Qb7 25.e4 Be7 26.Rd3 Rfd8 27.Rfd1 Rxd3 28.Rxd3 g6 29.Kh2 Qb4 30.Qxb4 cxb4
31.f5 exf5 32.exf5 gxf5 33.Be5 f6 34.Bf4 Kf7 35.Kg3 Rc8 36.Kf3 Rc2 37.Bd2 Bc5
38.Rd5 Ke6 39.Rd3 Ke7 40.Ke2 Ke6 41.f3 Ra2 42.Kd1 Bd6 43.Rd4 f4 44.Ke1 f5
45.Kd1 h5 46.h4 Ra1+ 47.Ke2 Rh1 48.Rc4 Rxh4 49.Be1 Rh2+ 50.Bf2 h4 51.Kf1 h3
52.Rc8 Rg2 53.Rh8 Rg7 54.Rxh3 Rc7 55.Rh6+ Kd5 56.Rh5 Ke5 57.Be1 Rc2 58.Rh8 Rb2
59.Re8+ Kf6 60.Rd8 Ke6 61.Re8+ Kd7 62.Ra8 Rxb3 63.Ke2 Re3+ 64.Kf2 b3 65.Ra7+ Ke6
66.Rb7 Bc5 67.Kf1 Rxf3+ 68.Ke2 Re3+ 69.Kd1 f3 70.Kd2 Re2+ 71.Kd1 b2 72.Rb5 Kd5
73.Rb8 Kc4 74.Bd2 Rh2 75.Kc2 f2 76.Ra8 f1=Q 77.Ra4+ Kb5 78.Ra8 b1=Q+ 79.Kc3 Qfd3+  0-1